| 000 | 01540cab a22002295a 4500 | ||
|---|---|---|---|
| 001 | L149333 | ||
| 008 | 090821e20100609xxk 000 0 eng d | ||
| 035 | _a(Sirsi) u149340 | ||
| 041 | 0 | _aeng | |
| 100 | 1 | _aRowe, Frances | |
| 245 | 0 | 2 |
_aTime for fresh thinking? _bThe Local Democracy, Economic Development and Construction Act 2009 has made rural land use a regional issue _h[electronic resource] |
| 260 | _c2010 | ||
| 490 |
_aLand Journal _vFebruary-March 2010, 9,11 (2) |
||
| 520 | _aThe Local Democracy, Economic Development and Construction Act 2009, which received Royal Asset in November 2009, imposes a joint duty on regional development agencies and local authorities to produce a single regional strategy. Putting aside the vagaries of politics and the possibility of a change of government after the next General Election, this means that Regional Development Agencies and local authorities for the English regions are required to put in place strategic plans that join up land-use planning and economic development (including transport and housing). | ||
| 590 | _aKA | ||
| 650 | 2 | 4 | _aLOCAL DEMOCRACY, ECONOMIC DEVELOPMENT AND CONSTRUCTION ACT 2009 |
| 650 | 2 | 4 | _aHOUSING GRANTS, CONSTRUCTION AND REGENERATION ACT 1996 |
| 651 | 4 |
_aUnited Kingdom _y |
|
| 690 | _aENVIRONMENTAL AND LAND CONSULTANCY-PLANNING AND DEVELOPMENT-PLANNING GUIDANCE-LOCAL DEVELOPMENT PLANS | ||
| 856 | 4 | 8 |
_uhttps://www.rics.org/site/download_feed.aspx?fileID=5761&fileExtension=PDF _zView this item (member-only access) at www.rics.org |
| 942 | _n0 | ||
| 999 |
_c82143 _d82143 |
||